[Event "GER-chT U18 Girls"]
[Site "Germany"]
[Date "2012.05.06"]
[Round "7.2"]
[White "Richter, Charlotte"]
[Black "Koehler, Inken"]
[Result "0-1"]
[WhiteElo "800"]
[BlackElo "1310"]
[PlyCount "74"]
[EventDate "2012.05.04"]
[EventType "team-swiss"]
[EventRounds "7"]
[EventCountry "GER"]
[SourceTitle "EXT 2014"]
[Source "ChessBase"]
[SourceDate "2013.11.20"]
[SourceVersion "1"]
[SourceVersionDate "2013.11.20"]
[SourceQuality "1"]
[WhiteTeam "Neureut Gymn (W)"]
[BlackTeam "Harksheide Gymn (W)"]
[WhiteTeamCountry "GER"]
[BlackTeamCountry "GER"]

1. e4 e5 2. Nf3 Nc6 3. Bc4 Bc5 4. d3 Nf6 5. Nc3 d6 6. h3 0-0 7. 0-0 Be6 8. Bg5 Bxc4 9. dxc4 h6 10. Bh4 Nb8 11. Re1 Nbd7 12. Nh2 c6 13. Ng4 Qe7 14. b3 Qe6 15. Ne3 Bd4 16. Qd2 Bxc3 17. Qxc3 Nxe4 18. Qd3 Ndc5 19. Qd1 Qg6 20. Qf3 f5 21. Rad1 Nc3 22. Ra1 f4 23. Ng4 Qxc2 24. Be7 e4 25. Bxf8 exf3 26. Bxd6 Nd3 27. Re7 Ne2+ 28. Kf1 fxg2+ 29. Kxg2 f3+ 30. Kxf3 Nd4+ 31. Kg2 h5 32. Nh6+ gxh6 33. Rf1 Kh8 34. Be5+ Nxe5 35. Rxe5 Rg8+ 36. Kh1 Qg6 37. Re3 Qg2# 0-1

[Event "GER-chT U18 Girls"]
[Site "Germany"]
[Date "2012.05.05"]
[Round "4.2"]
[White "Richter, Charlotte"]
[Black "Bach, Kira Annika"]
[Result "0-1"]
[WhiteElo "800"]
[BlackElo "1189"]
[PlyCount "118"]
[EventDate "2012.05.04"]
[EventType "team-swiss"]
[EventRounds "7"]
[EventCountry "GER"]
[SourceTitle "EXT 2014"]
[Source "ChessBase"]
[SourceDate "2013.11.20"]
[SourceVersion "1"]
[SourceVersionDate "2013.11.20"]
[SourceQuality "1"]
[WhiteTeam "Neureut Gymn (W)"]
[BlackTeam "Trier (W)"]
[WhiteTeamCountry "GER"]
[BlackTeamCountry "GER"]

1. e4 e5 2. Nf3 Nc6 3. Bc4 Bc5 4. d3 h6 5. Nc3 Nf6 6. 0-0 0-0 7. Be3 Bb6 8. h3 d6 9. d4 Re8 10. d5 Ne7 11. b4 c6 12. a4 cxd5 13. exd5 Qc7 14. Qe2 Bf5 15. Ra2 Rac8 16. Nb5 Qd8 17. Bd3 Bxd3 18. cxd3 Nexd5 19. Bd2 a6 20. Na3 e4 21. Nh4 e3 22. fxe3 Bxe3+ 23. Bxe3 Rxe3 24. Qd2 Qd7 25. Nc4 Rg3 26. Nf5 Rg5 27. Ncxd6 Rc6 28. Qf2 Nxb4 29. Rd2 Kh7 30. Qf4 Nbd5 31. Qd4 g6 32. Rdf2 gxf5 33. Nxf5 Kg6 34. Qe5 Qe6 35. Qxe6 Rxe6 36. Nh4+ Kh7 37. Nf3 Rf5 38. Nd4 Rxf2 39. Rxf2 Re1+ 40. Kh2 Ra1 41. Re2 Rxa4 42. Nf5 b5 43. Nd6 Kg7 44. Rb2 b4 45. Nf5+ Kg6 46. Nh4+ Kh5 47. Nf3 Ra3 48. d4 b3 49. g4+ Kg6 50. Ne5+ Kg7 51. Kg3 a5 52. Nc4 Ra4 53. Nd2 Rxd4 54. Nxb3 Rd3+ 55. Kh4 a4 56. Nc5 Rc3 57. Nxa4 Rf3 58. Nc5 Nf4 59. g5 Rxh3# 0-1

[Event "GER-chT U18 Girls"]
[Site "Germany"]
[Date "2011.05.15"]
[Round "7.3"]
[White "Richter, Charlotte"]
[Black "Caliebe, Nanke"]
[Result "1-0"]
[WhiteElo "800"]
[BlackElo "858"]
[PlyCount "75"]
[EventDate "2011.05.13"]
[EventType "team-swiss"]
[EventRounds "7"]
[EventCountry "GER"]
[SourceTitle "EXT 2012"]
[Source "ChessBase"]
[SourceDate "2011.11.24"]
[SourceVersion "1"]
[SourceVersionDate "2011.11.24"]
[SourceQuality "1"]
[WhiteTeam "Neureut Gymn (W)"]
[BlackTeam "Altenholz Gymn (W)"]
[WhiteTeamCountry "GER"]
[BlackTeamCountry "GER"]

1. e4 c5 2. Nc3 e6 3. Bb5 a6 4. Ba4 b5 5. Bb3 c4 6. Bxc4 bxc4 7. d3 cxd3 8. cxd3 d6 9. Nf3 Nd7 10. 0-0 Ngf6 11. Re1 Qc7 12. d4 Be7 13. e5 Ng4 14. Ng5 Nh6 15. Bf4 Bxg5 16. Bxg5 Nf5 17. Bf4 0-0 18. h3 Bb7 19. exd6 Nxd6 20. d5 exd5 21. Nxd5 Qc6 22. Ne7+ Kh8 23. Nxc6 Bxc6 24. Qxd6 Bb5 25. Qd4 Rad8 26. Bc7 Rc8 27. Rac1 Nf6 28. b4 Bd7 29. Be5 Nh5 30. Qxd7 Rcd8 31. Qf5 Nf6 32. Bxf6 gxf6 33. Qxf6+ Kg8 34. Re3 Rfe8 35. Rg3+ Kf8 36. Rc7 Re1+ 37. Kh2 Rh1+ 38. Kxh1 1-0